000 00462nam a2200181Ia 4500
008 240925s9999 xx 000 0 und d
020 _a29463203
082 _a620.106 MOT
100 _aMott, Robert L.
245 0 _aApplied Fluid Mechanics
250 _a3rd
260 _aNew York:
_bMacmillan Publishing
_c,1990.
300 _aix,645p.
_bNA
_fOriginal
500 _aIncludes Index
600 _aEngineering Technology
650 _aTechnology
942 _cBK
999 _c2967
_d2967